| 000 | 01098cam a2200313 4500 | ||
|---|---|---|---|
| 008 | #DATE n2002 000 0 eng u | ||
| 020 | _a0632060425 | ||
| 035 | _a(Sirsi) u119600 | ||
| 041 | _aeng | ||
| 050 | _a658.99 | ||
| 100 | _aMcGeorge, D. | ||
| 245 | _aConstruction management : new directions | ||
| 250 | _a2nd ed. | ||
| 260 |
_aOxford _bBlackwell Science _c2002 |
||
| 300 |
_axii,290p. _c25cm. |
||
| 350 | _a29.50 | ||
| 520 | _aThe construction industry is faced with a host of new management techniques developed to improve quality and control cost. This book brings together the main new techniques in a single volume, with detailed guidance on further reading. Includes a new chapter on supply chain management and strategic alliancing. | ||
| 650 | _aBENCHMARKING | ||
| 650 | _aMANAGEMENT | ||
| 650 | _aCONSTRUCTABILITY | ||
| 650 |
_aCONSTRUCTION MANAGEMENT _96230 |
||
| 650 | _aPARTNERING | ||
| 650 | _aREENGINEERING | ||
| 650 | _aTOTAL QUALITY MANAGEMENT | ||
| 650 | _aVALUE MANAGEMENT | ||
| 690 | _aBUILT ENVIRONMENT | ||
| 700 | _aPalmer, A. | ||
| 942 | _n0 | ||
| 999 |
_c102333 _d102333 |
||